00515nam a2200157 i 4500001000300000100001800003245006800021250001100089260006000100300002600160040000800186041000800194080001600202008004100218856009800259bg1 aHAHN, Wiktor. 0aBibliografia Bibliografii Polskich do 1950 roku /cWiktor Hahn. aWyd.3. aWrocław :bZakład Narodowy im. Ossolińskich,c1966. a586, [2] s. ;c25 cm. cBPK apol a016:01(438) s pl f |000 0 pol  uhttp://koha.tu.koszalin.pl/cgi-bin/koha/opac-detail.pl?biblionumber=23621yKatalog online BPK